00851nam a22002297a 4500999001500000001000600015003000900021005001700030008004100047020001800088040003800106082002500144100001600169245007700185260005000262300003000312504005100342650006200393700002300455942001200478952013100490 c8280d828021814BD-DhUAP20230604115822.0230506b2022 bg |||| |||| 001 0beng d a9789845063913 aBD-DhAALbengcBD-DhUAPdBD-DhUAP 222a891.55099287 HUQ aHuq, Sabiha aThe Mughal Aviary :bwomen's writings in pre-modern India /cSabiha Huq. aDhaka :bThe University Press Limited c2022. axxix, 217 pages ;b22 cm. aIncludes bibliographical references and index. aPersian literaturexWomen authorsyHistory and criticism. aAmin, Sonia Nishat 2ddccBK 00102ddc4070aUAPCLbUAPCLcGeneral Stacksd2023-05-06o891.55099287 HUQp3010021814r2023-05-06t1v860.00w2023-05-06yBK